000
00338nam a2200145Ia 4500
008
150201s2014 xx 000 0 und d
082
_a
610.732
_b
P14N
100
_a
NANCY, SISTER
245
_a
PRINCIPLES & PRACTICE OF NURSING -
250
_a
4TH
260
_b
NR PUB.
_c
2014
300
_a
648
650
_a
NURSING
942
_2
ddc
_c
BK
_0
1
999
_c
2448
_d
2448